Sociedad de la nieve (supervivientes) - Estadísticas

Estadísticas generales
  • Esta prueba ha sido intentada 61 veces
  • La puntuación promedio es 7 de 16
Estadísticas de respuestas
Respuesta % Correcto
Fernando Parrado
90%
Roberto Canessa
88%
Carlitos Páez
76%
Adolfo Strauch
60%
Eduardo Strauch
52%
Gustavo Zerbino
52%
Roy Harley
52%
Daniel Fernández
45%
José Luis Inciarte
38%
Álvaro Mangino
36%
Antonio Vizintín
36%
Javier Methol
36%
Ramón Sabella
29%
Roberto François
24%
Alfredo Delgado
19%
Pedrito Algorta
2%
No se encontraron pruebas coincidentes
Distribución de puntuación
Porcentaje de gente con cada puntuación
Porcentaje por número respondido
Historial de tus puntuaciones
No has intentado esta prueba.